03454nam a2200685 a 450000500170000000800410001702000080005804100080006610000190007424500590009325000820015226000340023430000160026850000930028465300790037765300720045665300360052865300330056465300540059765300420065165300540069365300510074765300620079865300570086065300440091765300350096165300440099665300260104065300460106665300530111265300480116565300330121365300670124665300450131365300340135865300480139265300530144065300530149365300380154665300470158465300380163165300890166965300740175865300410183265300260187365300390189965300990193865300960203765300740213365300330220765300300224065300210227065300720229165300350236365300350239865300780243365300790251165300930259065300850268320240502112617.0141203t1969||||ag a f |||| 001 0 spa d aS/I aspa1 aErikson, Ejnar aManual ilustrado de anestesia local / cEjnar Erikson a1a ed.bTraducción al español Rafael Galera. Versión original en Sueco. aBuenos Aires: bAstra;c1969. a152 p.bIl. aErikson, E. (1969). Manual ilustrado de anestesia local. (1a ed.). Buenos Aires : Astra. aAlgunas observaciones sobre la farmacología de los anestésicos locales aPuntos de vista generales para la ejecusión de la anestesia local aComplicaciones y su tratamiento aMedicación preanestésica aAnestesia por infiltración. Conceptos generales aAnestesia general del cuero cabelludo aAnestesia superficial de la córnea y conjuntiva aAnestesia por infiltración en oftalmología aAnestesia de conducción en intervenciones intraoculares aAnestesia en intervenciones otorrinolaringológicas aAnestesia local para la tiroidectomía aAnestesia regional intravenosa aInfiltración del hematoma de fractura aAnestesia intraósea aBloqueo de los dedos de la mano y del pie aAnestesia en la infiltración en la operación aAnestesia local en la herniorrafia inguinal aAnestesia local de la uretra aAnestesia superficial de la región perineal durante el parto aNervio trigémino. Sinopsis anatómica aBloqueo del ganglio de Gasser aBloqueo de las ramas del nervio oftálmico aBloqueo de las ramas del nervio maxilar superior aBloqueo de las ramas del nervio maxilar inferior aBloqueo de los nervios cervicales aBloqueo supraclavicular del plexo braquial aBloqueo del nervio supraescapular aBloqueo de los nervios periféricos del brazo a nivel de la articulación del codo aBloqueo de los nervios periféricos del brazo a nivel de la muñeca aBloqueo de los nervios intercostales aBloqueo supracervical aBloqueo del nervio pudendo interno aBloqueo de los nervios periféricos de la pierna a través de la articulación de la cadera aBloqueo de los nervios periféricos de la piera a nivel de la articulación de la rodilla aBloqueo de los nervios periféricos de la pierna a nivel del tobillo aAnestesia raquidea (espinal) aAnestesia epidural lumbar aAnestesia caudal aBloqueo del sistema nervioso simpático. Consideraciones generales aBloqueo del ganglio estrellado aBloqueo del simpático lumbar aTratamiento del estado epiléptico con lidocaína por vía intravenosa aTratamiento de arritmias cardíacas con lidocaína por vía intravenosa aTratamiento de ciertas reacciones neurovegetativas con lidocaína por vía intravenosa aTratamiento de diversas formas de nistagmo con lidocaína por vía intravenosa